Green Day Songs - Sudden Death #2 - Statistics

General Stats
  • This quiz has been taken 80 times
  • The average score is 9 of 16
Answers on the Grid
Answers color-coded by a green-red scale on the quiz's grid according to % correct below.
A Bar Song (Tipsy)
A Little Boy Named Train
Another Brick In the Wall, Part 2
Boulevard of Broken Dreams
Cleanin' Out My Closet
Every Time I Hear That Song
Fire, Ready, Aim
Give Me Novacaine
Here Comes the Shock
Horseshoes and Handgrenades
I Still Haven't Found What I'm Looking For
Jesus of Suburbia
Know Your Rights
Last of the American Girls
Me, Myself and I
Nice Guys Finish Last
Points of Authority
Rikki Don't Lose That Number
Sassafras Roots
Shot Through the Heart
Somebody Told Me
The American Dream Is Killing Me
The Long and Winding Road
They Don't Care About Us
Too Much Too Soon
Wake Me Up When September Ends
Walking Contradiction
We Have All the Time in the World
Welcome to the Jungle
What's My Age Again?
Who Wrote Holden Caulfield?
Why Do You Want Him?
 
Answer Stats
Answer % Correct
American Idiot Boulevard of Broken Dreams
89%
American Idiot Give Me Novacaine
77%
American Idiot Jesus of Suburbia
77%
American Idiot Wake Me Up When September Ends
75%
Nimrod Nice Guys Finish Last
64%
Saviors The American Dream Is Killing Me
64%
21st Century Breakdown Last of the American Girls
60%
Dookie Sassafras Roots
55%
Insomniac Walking Contradiction
55%
Father of All Fire, Ready, Aim
51%
21st Century Breakdown Horseshoes and Handgrenades
47%
Kerplunk Who Wrote Holden Caulfield?
42%
Tré A Little Boy Named Train
38%
American Idiot (Deluxe) Too Much Too Soon
32%
1,039 / Smoothed Out Slappy Hours Why Do You Want Him?
32%
Single Here Comes the Shock
25%
No matching quizzes found
Score Distribution
Percent of People with Each Score
Percentile by Number Answered
Your Score History
You have not taken this quiz